000 00783nam a22002297a 4500
005 2012052200440.0
008 120522t xxu||||| |||| 00| 0 eng d
010 _aENG-105385
020 _a9789381854037
_c895.00
035 _aEN-88918
037 _bDBAD/PUB
040 _aDPL
_bEng
082 _a501.4
100 _aSingh, Anjana
_947698
245 _aScience communication /
_cby Anjana Singh
260 _aDelhi
_bAcient Publication
_c2012
270 _aN-66-67, 2nd Floor, Naveen Shahadara
_bDelhi
_e110032
300 _aviii,296p.
_c23cm(Hb)
500 _aIncludes index
942 _2ddc
_cEN
_h501.4
_mSIN
999 _c67014
_d67014